Zwycięzcy SuperPucharu Europy - Statystyki

Ogólne statystyki
  • Ten quiz został rozwiązany 34 razy
  • Średni wynik to 27 z 49
Statystyki odpowiedzi
Rok Odpowiedz % Poprawnych
14 Real Madryt
100%
16 Real Madryt
100%
17 Real Madryt
100%
22 Real Madryt
100%
24 Real Madryt
100%
13 Bayern
92%
20 Bayern
92%
92 Barcelona
88%
97 Barcelona
88%
09 Barcelona
88%
11 Barcelona
88%
15 Barcelona
88%
98 Chelsea
85%
21 Chelsea
85%
01 Liverpool
85%
05 Liverpool
85%
19 Liverpool
85%
23 Manchester City
85%
91 Manchester United
85%
06 Sevilla
65%
84 Juventus
62%
96 Juventus
62%
10 Atletico Madryt
58%
12 Atletico Madryt
58%
18 Atletico Madryt
58%
72 Ajax
50%
73 Ajax
50%
95 Ajax
50%
89 Milan
50%
90 Milan
50%
94 Milan
50%
03 Milan
50%
07 Milan
50%
87 Porto
31%
02 Real Madryt
27%
08 Zenit
23%
82 Aston Villa
19%
79 Nottingham
19%
80 Valencia
15%
04 Valencia
15%
00 Galatasaray
12%
99 Lazio
12%
76 Anderlecht
8%
78 Anderlecht
8%
75 Dynamo Kijów
8%
88 Mechelen
4%
93 Parma
4%
86 Steaua Bukareszt
4%
83 Aberdeen
0%
Nie znaleziono quizów pasujących do podanych kryteriów
Rozkład punktacji
Procent ludzi z każdym wynikiem
Percentyl według liczby udzielonych odpowiedzi
Twoja historia wyników
Nie rozwiązałeś tego quizu